|
|
|
|
| LEADER |
01721nam a2200289 a 4500 |
| 001 |
13732670 |
| 008 |
091029s2004 bg b 000 0 eng d |
| 010 |
|
|
|a \\2004329455
|
| 020 |
|
|
|a 9840801856
|
| 040 |
|
|
|a DLC
|c DLC
|
| 082 |
0 |
0 |
|a 325.5492
|2 22
|
| 100 |
1 |
|
|a Rahman, Khondker Neaz.
|9 58857
|
| 245 |
1 |
0 |
|a Adversities of development :
|b a case study of involuntary resettlement /
|c Khondker Neaz Rahman.
|
| 260 |
|
|
|a Dhaka :
|b Academic Press and Publishers,
|c 2004.
|
| 300 |
|
|
|a xii, 100 p. ;
|c 23 cm.
|
| 504 |
|
|
|a Includes bibliographical references (p. [48]-50).
|
| 520 |
|
|
|a With reference to Bangladesh; includes articles on applicability of relevant laws.
|
| 541 |
1 |
|
|a Donated by Fuad Hassan Mallick,
Professor and Dean
School of Architecture and Design, BRAC University.
|e 00010337, 44522
|
| 546 |
|
|
|a Appendices in English and Bengali.
|
| 650 |
|
0 |
|a Forced migration
|z Bangladesh
|z Sirājganj District.
|9 58858
|
| 650 |
|
0 |
|a Forced migration
|z Bangladesh
|z Bogra District.
|9 58859
|
| 650 |
|
0 |
|a City planning and redevelopment law
|z Bangladesh.
|9 54024
|
| 852 |
4 |
|
|a Ayesha Abed Library
|j General shelf
|
| 942 |
|
|
|2 ddc
|c BK
|
| 999 |
|
|
|c 4955
|d 4955
|
| 952 |
|
|
|0 0
|1 0
|2 ddc
|4 0
|6 325_549200000000000_RAH_2004
|7 0
|9 4779
|a BRACUL
|b BRACUL
|c GEN
|d 2009-11-01
|g 0.00
|l 1
|m 27
|o 325.5492 RAH
|p 3010010337
|r 2017-12-26
|s 2017-06-06
|t 1
|w 2009-11-01
|y BK
|x No price found in the accession register.
|
| 952 |
|
|
|0 0
|1 0
|2 ddc
|4 0
|6 325_549200000000000_RAH
|7 0
|9 77908
|a BRACUL
|b BRACUL
|c GEN
|d 2025-07-25
|e Donated by Fuad Hassan Mallick, Professor and Dean, School of Architecture and Design.
|g 150.00
|l 0
|o 325.5492 RAH
|p 3010044522
|r 2025-07-25
|t 2
|w 2025-07-25
|y BK
|x Donated by Fuad Hassan Mallick, Professor and Dean, School of Architecture and Design, BRAC University
|